header

Outlaw justice (Record no. 162036)

MARC details
000 -LEADER
fixed length control field 01503nam a2200373Ia 4500
082 04 - DEWEY DECIMAL CLASSIFICATION NUMBER
Classification number 227/.106
100 1# - MAIN ENTRY--AUTHOR NAME
Personal name Jennings, Theodore W.
245 10 - TITLE STATEMENT
Title Outlaw justice
260 ## - PUBLICATION, DISTRIBUTION, ETC. (IMPRINT)
Place of publication Stanford, Calif. :
Name of publisher Stanford University Press,
Year of publication c2013.
300 ## - PHYSICAL DESCRIPTION
Number of Pages viii, 240 p.
490 1# - SERIES STATEMENT
Series statement Cultural memory in the present
650 #0 - SUBJECT ADDED ENTRY--TOPICAL TERM
Topical Term Justice (Philosophy)
Topical Term Justice
856 40 - ELECTRONIC LOCATION AND ACCESS
Uniform Resource Identifier http://site.ebrary.com/lib/rucke/Doc?id=10674529

No items available.

© 2026 Rongo University
Contact us: librarian | system librarian | Rongo university